Handbook of modern accounting. (2nd ed.) (Record no. 76101)

MARC details
000 -LEADER
fixed length control field 00835nam a2200205 a 4500
008 - FIXED-LENGTH DATA ELEMENTS--GENERAL INFORMATION
fixed length control field 120416s1977 ||||||||||||||||| || u
020 ## - INTERNATIONAL STANDARD BOOK NUMBER
International Standard Book Number 0070154511
050 ## - LIBRARY OF CONGRESS CALL NUMBER
Classification number HF 5635 Han
100 ## - MAIN ENTRY--PERSONAL NAME
Personal name Davidson, Sidney, 1919-
245 10 - TITLE STATEMENT
Title Handbook of modern accounting. (2nd ed.)
Statement of responsibility, etc. edited by Sidney Davidson
250 ## - EDITION STATEMENT
Edition statement 2nd ed.
260 ## - PUBLICATION, DISTRIBUTION, ETC.
Place of publication, distribution, etc. New York :
Name of publisher, distributor, etc. McGraw-Hill
Date of publication, distribution, etc. 1977
300 ## - PHYSICAL DESCRIPTION
Extent 1372 pages in various pagings
350 ## -
-- 0.00
650 ## - SUBJECT ADDED ENTRY--TOPICAL TERM
Topical term or geographic name entry element RESEARCH COLLABORATION
650 ## - SUBJECT ADDED ENTRY--TOPICAL TERM
Topical term or geographic name entry element TEXTBOOKS
700 ## - ADDED ENTRY--PERSONAL NAME
Personal name Weil, Roman L
995 ## -
-- ANNEX COLLECTION (Main Library)
-- 0.00
-- 719978
-- CBU-MAIN LIBRARY (Kitwe)
-- 1
-- 0.00
-- HF 5635 Han
-- AVAILABLE
-- 005438
-- Annex Low-Usage Collection
995 ## -
-- ANNEX COLLECTION (Main Library)
-- 0.00
-- 700709
-- CBU-MAIN LIBRARY (Kitwe)
-- 2
-- 0.00
-- HF 5635 Han
-- AVAILABLE
-- 005437
-- Annex Low-Usage Collection
999 ## -
-- 76101
-- 76101
Holdings
Withdrawn status Lost status Source of classification or shelving scheme Damaged status Not for loan Permanent Location Current Location Shelving location Date acquired Total Checkouts Full call number Barcode Date last seen Copy number Price effective from Koha item type
          CBU-MAIN LIBRARY, KITWE. CBU-MAIN LIBRARY, KITWE.   04/25/2023   HF 5635 Han 005438 04/25/2023 1 04/25/2023 MONOGRAPH
          CBU-MAIN LIBRARY, KITWE. CBU-MAIN LIBRARY, KITWE.   04/25/2023   HF 5635 Han 005437 04/25/2023 2 04/25/2023 MONOGRAPH